[Event "I mi?dzynarodowy turniej szachowy"]
[Site "Jastrzebie-Zdroj"]
[Date "2018.08.18"]
[Round "1.12"]
[White "Myrmus, Mateusz"]
[Black "Drozniak, Stanislaw"]
[Result "1-0"]
[BlackElo "2062"]
[WhiteElo "1355"]
[LiveChessVersion "1.4.8"]

1. e4 {[%clk 1:30:57]} c5 {[%clk 1:30:55]} 2. c3 {[%clk 1:31:19]} d5
{[%clk 1:31:09]} 3. exd5 {[%clk 1:31:25]} Nf6 {[%clk 1:31:34]} 4. Bb5+
{[%clk 1:24:19]} Nbd7 {[%clk 1:31:46]} 5. c4 {[%clk 1:16:20]} a6 {[%clk 1:32:11]}
6. Ba4 {[%clk 1:16:30]} b5 {[%clk 1:32:35]} 7. cxb5 {[%clk 1:16:15]} Nb6
{[%clk 1:33:01]} 8. bxa6+ {[%clk 1:14:51]} Nxa4 {[%clk 1:33:26]} 9. Qxa4+
{[%clk 1:15:13]} Qd7 {[%clk 1:33:52]} 10. Nc3 {[%clk 1:14:02]} Bxa6
{[%clk 1:33:44]} 11. Qxd7+ {[%clk 1:12:31]} Kxd7 {[%clk 1:34:08]} 12. Nf3
{[%clk 1:12:25]} Rb8 {[%clk 1:29:17]} 13. Ne5+ {[%clk 1:11:25]} Ke8
{[%clk 1:29:38]} 14. d3 {[%clk 1:11:01]} Rd8 {[%clk 1:29:19]} 15. Be3
{[%clk 1:01:49]} Nxd5 {[%clk 1:29:12]} 16. O-O-O {[%clk 1:01:41]} f6
{[%clk 1:29:19]} 17. Nc4 {[%clk 1:01:48]} Nb4 {[%clk 1:29:10]} 18. b3
{[%clk 0:59:45]} e5 {[%clk 1:25:47]} 19. a3 {[%clk 0:58:02]} Nxd3+
{[%clk 1:25:40]} 20. Kc2 {[%clk 0:58:17]} Nf4 {[%clk 1:18:43]} 21. Bxf4
{[%clk 0:57:20]} Rxd1 {[%clk 1:15:30]} 22. Rxd1 {[%clk 0:57:33]} exf4
{[%clk 1:14:49]} 23. Nd5 {[%clk 0:57:09]} Bxc4 {[%clk 1:08:16]} 24. bxc4
{[%clk 0:57:32]} Bd6 {[%clk 1:05:44]} 25. Nxf6+ {[%clk 0:56:13]} gxf6
{[%clk 1:06:05]} 26. Rxd6 {[%clk 0:56:37]} Ke7 {[%clk 1:05:55]} 27. Rd5
{[%clk 0:56:30]} Rg8 {[%clk 1:05:53]} 28. g3 {[%clk 0:56:42]} fxg3
{[%clk 1:06:10]} 29. fxg3 {[%clk 0:56:49]} Ra8 {[%clk 1:04:51]} 30. Rxc5
{[%clk 0:55:35]} Rxa3 {[%clk 1:05:18]} 31. Rc7+ {[%clk 0:55:58]} Kd6
{[%clk 1:05:46]} 32. Rxh7 {[%clk 0:56:20]} Kc5 {[%clk 1:06:13]} 33. Rh4
{[%clk 0:56:22]} Kb4 {[%clk 1:06:13]} 34. Kd2 {[%clk 0:56:21]} f5
{[%clk 1:05:56]} 35. Ke2 {[%clk 0:54:23]} f4 {[%clk 1:06:23]} 36. Rxf4
{[%clk 0:54:40]} Ra2+ {[%clk 1:06:51]} 37. Kf3 {[%clk 0:54:48]} Rxh2
{[%clk 1:07:15]} 38. Kg4 {[%clk 0:54:54]} Kc5 {[%clk 1:06:43]} 39. Kg5
{[%clk 0:55:14]} Kd6 {[%clk 1:05:38]} 40. Re4 {[%clk 0:54:34]} 1-0

[Event "I mi?dzynarodowy turniej szachowy"]
[Site "Jastrzebie-Zdroj"]
[Date "2018.08.18"]
[Round "2.1"]
[White "Marcinowski, Marek"]
[Black "Molenda, Marcin"]
[Result "0-1"]
[BlackElo "2379"]
[WhiteElo "1875"]
[LiveChessVersion "1.4.8"]

1. d4 {[%clk 1:30:58]} d5 {[%clk 1:30:44]} 2. Nf3 {[%clk 1:31:21]} Nf6
{[%clk 1:31:03]} 3. Bf4 {[%clk 1:31:34]} c5 {[%clk 1:31:26]} 4. e3
{[%clk 1:31:15]} Nc6 {[%clk 1:31:33]} 5. c3 {[%clk 1:25:53]} Qb6 {[%clk 1:31:44]}
6. Qb3 {[%clk 1:25:04]} c4 {[%clk 1:32:01]} 7. Qxb6 {[%clk 1:24:52]} axb6
{[%clk 1:32:29]} 8. Na3 {[%clk 1:19:50]} Bf5 {[%clk 1:12:12]} 9. Nh4
{[%clk 1:10:57]} Bd7 {[%clk 1:09:12]} 10. Be2 {[%clk 1:04:28]} Ne4
{[%clk 1:02:56]} 11. Nb5 {[%clk 0:56:51]} Ra5 {[%clk 1:01:39]} 12. Nc7+
{[%clk 0:50:42]} Kd8 {[%clk 1:02:02]} 13. Nxd5 {[%clk 0:27:21]} Rxd5
{[%clk 1:01:55]} 14. Bxc4 {[%clk 0:27:49]} Rh5 {[%clk 0:58:39]} 15. Nf3
{[%clk 0:28:09]} f6 {[%clk 8:25:42]} 16. d5 {[%clk 0:20:57]} Na5 {[%clk 0:54:46]}
17. Bd3 {[%clk 0:18:43]} Nd6 {[%clk 0:49:09]} 18. Bxd6 {[%clk 0:18:32]} Rxd5
{[%clk 0:49:20]} 19. Bxe7+ {[%clk 0:15:34]} Bxe7 {[%clk 0:49:43]} 20. O-O-O
{[%clk 0:15:13]} Kc8 {[%clk 0:48:15]} 21. Nd4 {[%clk 0:15:00]} Nc6
{[%clk 0:48:00]} 22. Rhe1 {[%clk 0:13:18]} Bd6 {[%clk 0:46:36]} 23. Nb5
{[%clk 0:11:02]} Bb8 {[%clk 0:43:20]} 24. c4 {[%clk 0:07:53]} Rh5
{[%clk 0:43:25]} 25. h3 {[%clk 0:08:05]} Rg5 {[%clk 0:36:41]} 26. Be4
{[%clk 0:08:01]} Re8 {[%clk 0:35:45]} 27. f4 {[%clk 0:04:54]} Rc5
{[%clk 0:35:29]} 28. Bd3 {[%clk 0:05:23]} Nb4 {[%clk 0:35:48]} 29. Nc3
{[%clk 0:04:50]} Nxd3+ {[%clk 0:36:05]} 30. Rxd3 {[%clk 0:05:15]} Rxc4
{[%clk 0:35:45]} 31. Kd2 {[%clk 0:05:31]} Bc6 {[%clk 0:34:54]} 32. b3
{[%clk 0:05:10]} Rc5 {[%clk 0:35:15]} 33. g3 {[%clk 0:04:36]} f5 {[%clk 0:35:26]}
34. Ne2 {[%clk 0:04:22]} Bb5 {[%clk 0:32:43]} 35. Rd4 {[%clk 0:04:04]} Bxe2
{[%clk 0:32:56]} 36. Rxe2 {[%clk 0:04:30]} b5 {[%clk 0:32:43]} 37. b4
{[%clk 0:04:46]} Rc4 {[%clk 0:32:49]} 38. Rd5 {[%clk 0:04:52]} Rd8
{[%clk 0:33:08]} 39. Rxd8+ {[%clk 0:05:03]} Kxd8 {[%clk 0:33:37]} 40. a3
{[%clk 0:05:25]} Ba7 {[%clk 0:33:57]} 41. Kd3 {[%clk 0:05:40]} Re4
{[%clk 0:34:20]} 42. g4 {[%clk 0:05:57]} g6 {[%clk 0:34:37]} 43. h4
{[%clk 0:06:02]} Rxe3+ {[%clk 0:33:12]} 44. Rxe3 {[%clk 0:06:05]} Bxe3
{[%clk 0:33:40]} 45. gxf5 {[%clk 0:03:25]} Bxf4 {[%clk 0:33:53]} 46. fxg6
{[%clk 0:03:51]} hxg6 {[%clk 0:34:18]} 47. Ke4 {[%clk 0:03:42]} Bg3
{[%clk 0:34:39]} 48. Kd5 {[%clk 0:03:31]} Bxh4 {[%clk 0:34:58]} 49. Kc5
{[%clk 0:03:54]} g5 {[%clk 0:35:20]} 50. Kxb5 {[%clk 0:04:18]} g4
{[%clk 0:35:45]} 51. Kb6 {[%clk 0:04:44]} Kc8 {[%clk 0:36:12]} 52. b5
{[%clk 0:04:39]} g3 {[%clk 0:36:37]} 53. Ka7 {[%clk 0:05:01]} g2 {[%clk 0:36:58]}
54. a4 {[%clk 0:04:42]} g1=Q+ {[%clk 0:37:19]} 55. b6 {[%clk 0:05:05]} Qa1
{[%clk 0:37:43]} 0-1

[Event "I mi?dzynarodowy turniej szachowy"]
[Site "Jastrzebie-Zdroj"]
[Date "2018.08.18"]
[Round "2.2"]
[White "Maroszczyk, Wieslaw"]
[Black "Poley, Vladimir"]
[Result "0-1"]
[BlackElo "2257"]
[WhiteElo "1845"]
[LiveChessVersion "1.4.8"]

1. d4 {[%clk 1:30:54]} g6 {[%clk 1:30:51]} 2. c4 {[%clk 1:31:01]} Bg7
{[%clk 1:31:16]} 3. Nc3 {[%clk 1:31:21]} d6 {[%clk 1:31:39]} 4. e4
{[%clk 1:31:27]} Nc6 {[%clk 1:32:04]} 5. Be3 {[%clk 1:30:54]} e5 {[%clk 1:32:28]}
6. dxe5 {[%clk 1:25:58]} dxe5 {[%clk 1:32:41]} 7. Qxd8+ {[%clk 1:25:37]} Nxd8
{[%clk 1:33:04]} 8. Nb5 {[%clk 1:23:21]} Ne6 {[%clk 1:33:20]} 9. Bxa7
{[%clk 1:16:32]} Nf6 {[%clk 1:30:10]} 10. f3 {[%clk 1:15:40]} b6 {[%clk 1:21:07]}
11. c5 {[%clk 1:14:35]} O-O {[%clk 1:14:37]} 12. cxb6 {[%clk 1:14:26]} cxb6
{[%clk 1:14:51]} 13. Bxb6 {[%clk 1:14:14]} Bd7 {[%clk 1:14:36]} 14. Be3
{[%clk 0:58:19]} Rfb8 {[%clk 1:12:29]} 15. Nc3 {[%clk 0:51:49]} Rxb2
{[%clk 1:12:32]} 16. Nge2 {[%clk 0:45:00]} Bf8 {[%clk 1:08:53]} 17. Bc1
{[%clk 0:44:13]} Rb7 {[%clk 1:03:49]} 18. Nd5 {[%clk 0:42:42]} Nxd5
{[%clk 1:00:18]} 19. exd5 {[%clk 0:43:03]} Bb4+ {[%clk 0:42:17]} 20. Bd2
{[%clk 0:39:37]} Bxd2+ {[%clk 0:40:03]} 21. Kxd2 {[%clk 0:39:58]} Nc5
{[%clk 0:40:20]} 22. Nc1 {[%clk 0:26:35]} Rb2+ {[%clk 0:39:38]} 23. Ke1
{[%clk 0:23:51]} e4 {[%clk 0:30:34]} 24. fxe4 {[%clk 0:20:33]} Re8
{[%clk 0:29:41]} 25. Be2 {[%clk 0:14:15]} Nxe4 {[%clk 0:18:37]} 26. Kf1
{[%clk 0:10:48]} Nc3 {[%clk 0:17:48]} 27. Bc4 {[%clk 0:09:54]} Nxd5
{[%clk 0:17:35]} 28. Bxd5 {[%clk 0:08:42]} Bb5+ {[%clk 0:17:57]} 29. Nd3
{[%clk 0:09:06]} Bxd3+ {[%clk 0:16:17]} 30. Kg1 {[%clk 0:09:33]} Re5
{[%clk 0:08:00]} 31. Bf3 {[%clk 0:09:55]} Bb1 {[%clk 0:07:37]} 32. h3
{[%clk 0:09:11]} Bxa2 {[%clk 0:07:24]} 33. Kh2 {[%clk 0:09:26]} Rf5
{[%clk 0:07:23]} 34. Rhf1 {[%clk 0:08:37]} Bc4 {[%clk 0:06:07]} 35. Rfb1
{[%clk 0:06:41]} Rxb1 {[%clk 0:04:05]} 36. Rxb1 {[%clk 0:07:07]} h5
{[%clk 0:04:21]} 37. Rc1 {[%clk 0:06:37]} Be6 {[%clk 0:04:36]} 38. Ra1
{[%clk 0:03:58]} Kg7 {[%clk 0:04:56]} 39. Ra4 {[%clk 0:04:04]} Rc5
{[%clk 0:03:37]} 40. Rd4 {[%clk 0:02:59]} Kf6 {[%clk 0:03:47]} 41. Rd1
{[%clk 0:02:21]} Kg5 {[%clk 0:03:56]} 42. Rd6 {[%clk 0:02:00]} Rc2
{[%clk 0:03:56]} 43. Rd4 {[%clk 0:02:02]} Kf6 {[%clk 0:02:37]} 44. h4
{[%clk 0:02:22]} Ke5 {[%clk 0:02:41]} 45. Re4+ {[%clk 0:02:26]} Kf5
{[%clk 0:02:42]} 46. Rb4 {[%clk 0:02:43]} Bc4 {[%clk 0:02:19]} 47. Kg3
{[%clk 0:02:39]} Ke5 {[%clk 0:02:39]} 48. Rb1 {[%clk 0:02:28]} Bd3
{[%clk 0:01:33]} 49. Re1+ {[%clk 0:02:43]} Kd4 {[%clk 0:01:10]} 50. Re7
{[%clk 0:03:01]} f5 {[%clk 0:00:59]} 51. Re6 {[%clk 0:03:12]} Be4
{[%clk 0:01:02]} 52. Bxe4 {[%clk 0:02:29]} fxe4 {[%clk 0:01:30]} 53. Rxg6
{[%clk 0:02:19]} e3 {[%clk 0:01:56]} 54. Rd6+ {[%clk 0:02:24]} Ke4
{[%clk 0:02:17]} 55. Re6+ {[%clk 0:02:28]} Kd3 {[%clk 0:02:40]} 56. Rd6+
{[%clk 0:02:20]} Ke2 {[%clk 0:02:57]} 57. Re6 {[%clk 0:02:04]} Rc4
{[%clk 0:03:05]} 58. Re5 {[%clk 0:02:13]} Rg4+ {[%clk 0:03:02]} 59. Kh3
{[%clk 0:02:41]} Kd3 {[%clk 0:01:42]} 60. Rxh5 {[%clk 0:03:03]} e2
{[%clk 0:01:48]} 61. Kxg4 {[%clk 0:03:11]} e1=Q {[%clk 0:02:11]} 62. Rg5
{[%clk 0:03:01]} Qe4+ {[%clk 0:01:59]} 63. Kh3 {[%clk 0:03:09]} Qe6+
{[%clk 0:02:00]} 64. Kh2 {[%clk 0:02:47]} Ke4 {[%clk 0:01:49]} 65. g3
{[%clk 0:01:54]} Kf3 {[%clk 0:02:04]} 0-1

[Event "I mi?dzynarodowy turniej szachowy"]
[Site "Jastrzebie-Zdroj"]
[Date "2018.08.18"]
[Round "2.3"]
[White "Czerw, Dawid"]
[Black "Palczert, Matyas"]
[Result "1-0"]
[BlackElo "1845"]
[WhiteElo "2254"]
[LiveChessVersion "1.4.8"]

1. d4 {[%clk 1:30:57]} Nf6 {[%clk 1:30:48]} 2. c4 {[%clk 1:31:23]} e6
{[%clk 1:31:08]} 3. Nc3 {[%clk 1:30:49]} Bb4 {[%clk 1:31:24]} 4. f3
{[%clk 1:30:42]} c5 {[%clk 1:31:32]} 5. a3 {[%clk 1:30:53]} Bxc3+
{[%clk 1:31:26]} 6. bxc3 {[%clk 1:31:20]} cxd4 {[%clk 1:30:55]} 7. cxd4
{[%clk 1:31:19]} d5 {[%clk 1:31:07]} 8. e3 {[%clk 1:30:03]} O-O {[%clk 1:30:50]}
9. cxd5 {[%clk 1:28:45]} exd5 {[%clk 1:30:49]} 10. Bd3 {[%clk 1:28:39]} Nc6
{[%clk 1:30:35]} 11. Ne2 {[%clk 1:28:55]} Be6 {[%clk 1:30:22]} 12. O-O
{[%clk 1:28:48]} Qd7 {[%clk 1:30:05]} 13. Ng3 {[%clk 1:26:58]} h5
{[%clk 1:28:24]} 14. Qe1 {[%clk 1:24:34]} Ne7 {[%clk 1:23:07]} 15. Bb2
{[%clk 1:20:20]} Nf5 {[%clk 1:20:56]} 16. e4 {[%clk 1:13:38]} dxe4
{[%clk 1:16:51]} 17. fxe4 {[%clk 1:13:36]} Nxg3 {[%clk 1:16:21]} 18. Qxg3
{[%clk 1:13:43]} Bb3 {[%clk 1:13:34]} 19. Rxf6 {[%clk 1:12:09]} h4
{[%clk 1:12:41]} 20. Qd6 {[%clk 1:11:21]} Qg4 {[%clk 1:12:20]} 21. Rf2
{[%clk 1:11:04]} h3 {[%clk 1:12:29]} 22. Qg3 {[%clk 1:11:16]} 1-0

[Event "I mi?dzynarodowy turniej szachowy"]
[Site "Jastrzebie-Zdroj"]
[Date "2018.08.18"]
[Round "2.4"]
[White "Martyniuk, Liudmila"]
[Black "Tymrakiewicz, Rafal"]
[Result "0-1"]
[BlackElo "2192"]
[WhiteElo "1823"]
[LiveChessVersion "1.4.8"]

1. e4 {[%clk 1:30:49]} c6 {[%clk 1:30:00]} 2. d4 {[%clk 1:31:07]} d5
{[%clk 1:30:20]} 3. exd5 {[%clk 1:29:15]} cxd5 {[%clk 1:30:40]} 4. Bd3
{[%clk 1:28:35]} Nc6 {[%clk 1:29:42]} 5. c3 {[%clk 1:28:50]} Nf6 {[%clk 1:29:14]}
6. Nf3 {[%clk 1:28:51]} Bg4 {[%clk 1:26:19]} 7. O-O {[%clk 1:26:11]} Qc7
{[%clk 1:23:28]} 8. Nbd2 {[%clk 1:22:08]} e6 {[%clk 1:22:40]} 9. Re1
{[%clk 1:20:55]} Bh5 {[%clk 1:16:25]} 10. Nf1 {[%clk 1:10:07]} Be7
{[%clk 1:16:12]} 11. Ng3 {[%clk 1:06:50]} Bg6 {[%clk 1:16:25]} 12. Ne2
{[%clk 0:51:08]} Bd6 {[%clk 1:15:04]} 13. h3 {[%clk 0:45:45]} Rb8
{[%clk 1:13:59]} 14. c4 {[%clk 0:39:15]} Bxd3 {[%clk 1:09:29]} 15. Qxd3
{[%clk 0:39:13]} Nb4 {[%clk 1:09:39]} 16. Qd1 {[%clk 0:35:26]} dxc4
{[%clk 1:07:31]} 17. Nc3 {[%clk 0:33:29]} O-O {[%clk 1:04:01]} 18. Bg5
{[%clk 0:23:46]} Nbd5 {[%clk 0:58:21]} 19. Ne5 {[%clk 0:18:45]} b5
{[%clk 0:57:39]} 20. Qf3 {[%clk 0:18:11]} b4 {[%clk 0:55:20]} 21. Nxd5
{[%clk 0:16:06]} Nxd5 {[%clk 0:55:32]} 22. Re4 {[%clk 0:14:19]} f6
{[%clk 0:50:45]} 23. Ng6 {[%clk 0:07:30]} hxg6 {[%clk 0:44:49]} 24. Rxe6
{[%clk 0:07:40]} Qd7 {[%clk 0:41:40]} 25. Rae1 {[%clk 0:05:43]} fxg5
{[%clk 0:41:01]} 26. Qe4 {[%clk 0:06:01]} Nf4 {[%clk 0:40:14]} 0-1

[Event "I mi?dzynarodowy turniej szachowy"]
[Site "Jastrzebie-Zdroj"]
[Date "2018.08.18"]
[Round "2.5"]
[White "Smolka, Marcin"]
[Black "Adamczyk, Piotr"]
[Result "1-0"]
[BlackElo "1790"]
[WhiteElo "2170"]
[LiveChessVersion "1.4.8"]

1. e4 {[%clk 1:30:51]} d5 {[%clk 1:28:21]} 2. exd5 {[%clk 1:31:15]} Qxd5
{[%clk 1:28:23]} 3. Nc3 {[%clk 1:31:40]} Qd8 {[%clk 1:27:45]} 4. d4
{[%clk 1:31:54]} e6 {[%clk 1:26:26]} 5. Nf3 {[%clk 1:31:18]} Nf6 {[%clk 1:26:24]}
6. Bd3 {[%clk 1:31:19]} Be7 {[%clk 1:24:31]} 7. h3 {[%clk 1:23:09]} O-O
{[%clk 1:19:59]} 8. Be3 {[%clk 1:22:15]} Nbd7 {[%clk 1:18:41]} 9. Qe2
{[%clk 1:18:33]} Nd5 {[%clk 1:15:00]} 10. Nxd5 {[%clk 1:16:34]} exd5
{[%clk 1:15:26]} 11. O-O {[%clk 1:16:51]} Bf6 {[%clk 0:56:51]} 12. Nh2
{[%clk 1:04:44]} Re8 {[%clk 0:50:03]} 13. c3 {[%clk 0:58:03]} Nf8
{[%clk 0:49:22]} 14. Rae1 {[%clk 0:56:44]} Bd7 {[%clk 0:45:28]} 15. Qc2
{[%clk 0:52:48]} Bg5 {[%clk 0:38:41]} 16. Nf3 {[%clk 0:48:46]} Bf6
{[%clk 0:35:19]} 17. Qb3 {[%clk 0:42:25]} c6 {[%clk 0:33:33]} 18. Bf4
{[%clk 0:38:05]} Qb6 {[%clk 0:30:55]} 19. Qc2 {[%clk 0:36:40]} c5
{[%clk 0:29:32]} 20. dxc5 {[%clk 0:34:51]} Qxc5 {[%clk 0:29:38]} 21. Be3
{[%clk 0:33:08]} Qc8 {[%clk 0:26:42]} 22. Bd4 {[%clk 0:29:12]} Bxd4
{[%clk 0:26:32]} 23. Nxd4 {[%clk 0:29:06]} Qc7 {[%clk 0:23:05]} 24. Qd2
{[%clk 0:24:58]} Rxe1 {[%clk 0:21:34]} 25. Rxe1 {[%clk 0:25:19]} Re8
{[%clk 0:21:46]} 26. Rxe8 {[%clk 0:24:04]} Bxe8 {[%clk 0:22:14]} 27. Qg5
{[%clk 0:22:51]} Bc6 {[%clk 0:19:23]} 28. Qe3 {[%clk 0:19:55]} Qb6
{[%clk 0:18:30]} 29. b4 {[%clk 0:17:28]} Qd8 {[%clk 0:12:31]} 30. Nxc6
{[%clk 0:17:21]} bxc6 {[%clk 0:12:53]} 31. Qxa7 {[%clk 0:17:45]} Qf6
{[%clk 0:12:32]} 32. Qd4 {[%clk 0:15:35]} Qxd4 {[%clk 0:06:51]} 33. cxd4
{[%clk 0:16:02]} Ne6 {[%clk 0:07:10]} 34. a4 {[%clk 0:16:30]} Nxd4
{[%clk 0:07:26]} 35. a5 {[%clk 0:16:55]} c5 {[%clk 0:07:38]} 36. a6
{[%clk 0:16:34]} Nc6 {[%clk 0:07:50]} 37. b5 {[%clk 0:16:48]} 1-0

[Event "I mi?dzynarodowy turniej szachowy"]
[Site "Jastrzebie-Zdroj"]
[Date "2018.08.18"]
[Round "2.6"]
[White "Priechodsky, Radovan"]
[Black "Helis, Tadeusz"]
[Result "0-1"]
[BlackElo "2166"]
[WhiteElo "1790"]
[LiveChessVersion "1.4.8"]

1. d4 {[%clk 1:30:56]} d5 {[%clk 1:30:53]} 2. Nf3 {[%clk 1:30:47]} Nf6
{[%clk 1:31:17]} 3. c4 {[%clk 1:31:07]} c6 {[%clk 1:31:43]} 4. Nc3
{[%clk 1:31:13]} g6 {[%clk 1:32:03]} 5. cxd5 {[%clk 1:31:15]} cxd5
{[%clk 1:32:29]} 6. Bf4 {[%clk 1:31:24]} Bg7 {[%clk 1:32:32]} 7. e3
{[%clk 1:28:25]} O-O {[%clk 1:32:39]} 8. Bd3 {[%clk 1:28:37]} Nc6
{[%clk 1:32:44]} 9. h3 {[%clk 1:28:22]} a6 {[%clk 1:32:31]} 10. O-O
{[%clk 1:28:08]} e6 {[%clk 1:28:36]} 11. Qe2 {[%clk 1:26:04]} Bd7
{[%clk 1:24:44]} 12. Rac1 {[%clk 1:25:59]} Qe7 {[%clk 1:20:28]} 13. a3
{[%clk 1:21:39]} Rfc8 {[%clk 1:20:11]} 14. b4 {[%clk 1:15:24]} Ne8
{[%clk 1:17:56]} 15. Rfd1 {[%clk 1:13:56]} Nd6 {[%clk 1:17:43]} 16. Qb2
{[%clk 1:05:02]} b5 {[%clk 1:16:38]} 17. Bxd6 {[%clk 1:03:29]} Qxd6
{[%clk 1:17:04]} 18. Qb3 {[%clk 1:02:13]} f5 {[%clk 1:11:46]} 19. Ne2
{[%clk 1:00:28]} Ne7 {[%clk 1:09:46]} 20. Rc5 {[%clk 0:59:27]} Rd8
{[%clk 1:09:46]} 21. Rdc1 {[%clk 0:56:13]} Nc8 {[%clk 1:09:48]} 22. Nd2
{[%clk 0:47:47]} Nb6 {[%clk 1:09:17]} 23. R5c2 {[%clk 0:43:06]} Nc4
{[%clk 1:09:28]} 24. Nc3 {[%clk 0:35:23]} Bf8 {[%clk 1:08:02]} 25. Rb1
{[%clk 0:30:40]} a5 {[%clk 0:53:51]} 26. Ra2 {[%clk 0:20:09]} Ra7
{[%clk 0:45:09]} 27. Qc2 {[%clk 0:10:17]} Rda8 {[%clk 0:44:56]} 28. Nb3
{[%clk 0:07:17]} axb4 {[%clk 0:44:48]} 29. axb4 {[%clk 0:07:44]} Rxa2
{[%clk 0:43:42]} 30. Nxa2 {[%clk 0:08:06]} Na3 {[%clk 0:43:48]} 0-1

[Event "I mi?dzynarodowy turniej szachowy"]
[Site "Jastrzebie-Zdroj"]
[Date "2018.08.18"]
[Round "2.7"]
[White "Raszka, Janusz"]
[Black "Palczert, Miklos"]
[Result "1-0"]
[BlackElo "1761"]
[WhiteElo "2140"]
[LiveChessVersion "1.4.8"]

1. e4 {[%clk 1:30:53]} c5 {[%clk 1:30:50]} 2. Nf3 {[%clk 1:31:07]} d6
{[%clk 1:31:05]} 3. d4 {[%clk 1:31:24]} cxd4 {[%clk 1:31:12]} 4. Nxd4
{[%clk 1:31:39]} Nf6 {[%clk 1:31:27]} 5. Nc3 {[%clk 1:31:08]} a6 {[%clk 1:31:23]}
6. Bd3 {[%clk 1:30:26]} e5 {[%clk 1:30:33]} 7. Nde2 {[%clk 1:30:43]} Be7
{[%clk 1:29:20]} 8. O-O {[%clk 1:30:55]} Nbd7 {[%clk 1:28:42]} 9. Ng3
{[%clk 1:30:40]} Nc5 {[%clk 1:27:08]} 10. Bc4 {[%clk 1:27:59]} b5
{[%clk 1:24:38]} 11. Bd5 {[%clk 1:28:12]} Nxd5 {[%clk 1:20:16]} 12. Nxd5
{[%clk 1:28:25]} Bb7 {[%clk 1:15:08]} 13. Nxe7 {[%clk 1:22:23]} Qxe7
{[%clk 1:13:47]} 14. Nf5 {[%clk 1:22:36]} Qc7 {[%clk 1:06:17]} 15. Nxd6+
{[%clk 1:22:26]} Ke7 {[%clk 1:03:10]} 16. Nf5+ {[%clk 1:21:53]} Kf6
{[%clk 0:59:57]} 17. Qg4 {[%clk 1:21:11]} Nxe4 {[%clk 0:59:33]} 18. f3
{[%clk 1:20:22]} h5 {[%clk 0:57:00]} 19. Qxg7+ {[%clk 1:20:29]} Kxf5
{[%clk 0:57:13]} 20. fxe4+ {[%clk 1:20:39]} Kxe4 {[%clk 0:56:40]} 21. Bg5
{[%clk 1:18:37]} Kd5 {[%clk 0:48:24]} 22. Rad1+ {[%clk 1:16:37]} Kc4
{[%clk 0:45:56]} 23. Rf4+ {[%clk 1:11:23]} Kc5 {[%clk 0:44:59]} 24. Rxf7
{[%clk 1:11:39]} Qa5 {[%clk 0:44:35]} 25. Be3+ {[%clk 1:11:23]} 1-0

[Event "I mi?dzynarodowy turniej szachowy"]
[Site "Jastrzebie-Zdroj"]
[Date "2018.08.18"]
[Round "2.8"]
[White "Sivcak, Matej"]
[Black "Berlin, Tatiana"]
[Result "0-1"]
[BlackElo "2138"]
[WhiteElo "1720"]
[LiveChessVersion "1.4.8"]

1. e4 {[%clk 1:30:42]} e5 {[%clk 1:30:52]} 2. f4 {[%clk 1:30:58]} Qh4+
{[%clk 1:30:16]} 3. g3 {[%clk 1:30:42]} Qe7 {[%clk 1:30:42]} 4. fxe5
{[%clk 1:25:53]} Qxe5 {[%clk 1:31:06]} 5. Qe2 {[%clk 1:25:50]} Nf6
{[%clk 1:28:35]} 6. Nc3 {[%clk 1:24:52]} Bb4 {[%clk 1:27:50]} 7. Nf3
{[%clk 1:21:19]} Qa5 {[%clk 1:28:08]} 8. Nd4 {[%clk 1:03:06]} O-O
{[%clk 1:27:00]} 9. Nb3 {[%clk 1:02:48]} Qe5 {[%clk 1:27:00]} 10. Bg2
{[%clk 1:02:52]} Nc6 {[%clk 1:25:44]} 11. a3 {[%clk 0:53:27]} Bxc3
{[%clk 1:24:25]} 12. dxc3 {[%clk 0:50:06]} d6 {[%clk 1:23:43]} 13. Bf4
{[%clk 0:49:27]} Qe7 {[%clk 1:23:29]} 14. O-O {[%clk 0:41:05]} Bg4
{[%clk 1:23:18]} 15. Qe3 {[%clk 0:36:22]} Nd7 {[%clk 1:17:09]} 16. Nd4
{[%clk 0:31:04]} Nxd4 {[%clk 1:13:07]} 17. cxd4 {[%clk 0:31:07]} Rae8
{[%clk 1:11:42]} 18. Rae1 {[%clk 0:28:08]} Nb6 {[%clk 1:08:30]} 19. Qc3
{[%clk 0:17:53]} Qd7 {[%clk 1:08:40]} 20. e5 {[%clk 0:14:39]} d5 {[%clk 1:08:14]}
21. b3 {[%clk 0:12:52]} Re6 {[%clk 1:06:59]} 22. Qd2 {[%clk 0:11:09]} Nc8
{[%clk 1:05:23]} 23. c4 {[%clk 0:10:45]} c6 {[%clk 1:05:23]} 24. cxd5
{[%clk 0:10:45]} cxd5 {[%clk 1:05:50]} 25. h3 {[%clk 0:07:55]} Bf5
{[%clk 1:04:47]} 26. g4 {[%clk 0:07:48]} Bg6 {[%clk 1:00:43]} 27. Rc1
{[%clk 0:06:33]} Ra6 {[%clk 0:59:30]} 28. Qb2 {[%clk 0:02:14]} h5
{[%clk 0:58:19]} 29. gxh5 {[%clk 0:01:17]} Bxh5 {[%clk 0:58:46]} 30. Bg5
{[%clk 0:01:26]} Rg6 {[%clk 0:56:27]} 31. Qd2 {[%clk 0:00:50]} f6
{[%clk 0:55:13]} 32. exf6 {[%clk 0:00:53]} gxf6 {[%clk 0:55:35]} 33. Rxf6
{[%clk 0:00:38]} Rfxf6 {[%clk 0:44:58]} 34. Bxf6 {[%clk 0:01:01]} Qxh3
{[%clk 0:43:33]} 35. Bg5 {[%clk 0:01:15]} Qf5 {[%clk 0:43:07]} 36. Kh2
{[%clk 0:00:39]} Nd6 {[%clk 0:42:12]} 37. Bf4 {[%clk 0:00:50]} Ne4
{[%clk 0:39:56]} 38. Bxe4 {[%clk 0:01:18]} dxe4 {[%clk 0:39:59]} 39. Rc5
{[%clk 0:01:32]} Qg4 {[%clk 0:39:19]} 40. Rg5 {[%clk 0:01:49]} Qh4+
{[%clk 0:38:45]} 41. Kg1 {[%clk 0:00:37]} Rxg5+ {[%clk 0:35:25]} 42. Bxg5
{[%clk 0:01:06]} Qg4+ {[%clk 0:34:29]} 43. Kh2 {[%clk 0:01:03]} Bf7
{[%clk 0:28:14]} 44. Qe3 {[%clk 0:00:46]} Be6 {[%clk 0:27:28]} 45. b4
{[%clk 0:00:42]} Kh7 {[%clk 0:25:48]} 46. Qf4 {[%clk 0:00:35]} Qe2+
{[%clk 0:25:41]} 47. Kg3 {[%clk 0:00:40]} Qd3+ {[%clk 0:25:16]} 48. Qe3
{[%clk 0:00:49]} Qc2 {[%clk 0:25:08]} 49. Kf4 {[%clk 0:00:34]} Kg6
{[%clk 0:24:27]} 50. Ke5 {[%clk 0:00:36]} Bf5 {[%clk 0:24:07]} 51. d5
{[%clk 0:00:32]} Qb2+ {[%clk 0:20:19]} 52. Kd6 {[%clk 0:00:40]} Qg7
{[%clk 0:19:52]} 53. Kc5 {[%clk 0:00:32]} Qc7+ {[%clk 0:14:59]} 54. Kd4
{[%clk 0:00:44]} Qb6+ {[%clk 0:11:42]} 55. Kc4 {[%clk 0:00:42]} Qa6+
{[%clk 0:11:23]} 56. Kd4 {[%clk 0:00:39]} Qb6+ {[%clk 0:08:27]} 57. Kc4
{[%clk 0:01:01]} Qd6 {[%clk 0:07:24]} 58. Bf4 {[%clk 0:00:59]} b5+
{[%clk 0:07:12]} 59. Kd4 {[%clk 0:00:34]} Qf6+ {[%clk 0:07:18]} 0-1